Neue Wege des Firmenkunden-Marketings.
Tendencie k unifikovaniu ponuky bánk a otázky získania a udržania zákazníkov vytvorením špecifického image banky. Prenikanie nových technológií (CAD, CIM) do malých a stredných podnikov. Náklady na vybavenie počítačového spracovania dát. Ponuka technológií cez "Technologie-Club" a jeho kooperační pa...
Gespeichert in:
| 1. Verfasser: | |
|---|---|
| Format: | Buchkapitel |
| Sprache: | Deutsch |
| Schlagworte: | |
| Tags: |
Keine Tags, Fügen Sie das erste Tag hinzu!
|
MARC
| LEADER | 00000naa a2200000 4500 | ||
|---|---|---|---|
| 001 | r005496 | ||
| 005 | 20221130103537.1 | ||
| 041 | 0 | |a ger | |
| 044 | |a DE | ||
| 245 | 1 | 0 | |a Neue Wege des Firmenkunden-Marketings. |c A. Schmoll |
| 520 | |a Tendencie k unifikovaniu ponuky bánk a otázky získania a udržania zákazníkov vytvorením špecifického image banky. Prenikanie nových technológií (CAD, CIM) do malých a stredných podnikov. Náklady na vybavenie počítačového spracovania dát. Ponuka technológií cez "Technologie-Club" a jeho kooperační partneri (Technická univerzita Viedeň, viedeňská obchodná komora). Sféry činnosti klubu (transfer informácií, know-how atp.). | ||
| 610 | 2 | 0 | |a marketing |
| 610 | 2 | 0 | |a banky |
| 610 | 2 | 0 | |a technológie nové |
| 610 | 2 | 0 | |a Technologie-Club |
| 610 | 2 | 0 | |a náklady |
| 610 | 2 | 0 | |a ponuka |
| 610 | 2 | 0 | |a zákazníci |
| 100 | 1 | |a Schmoll, A. | |